[Event "Russian Rapid Team Championship (m)"]
[Site "Sochi"]
[Date "2022.10.19"]
[Round "9.13"]
[White "Triapishko, Alexandr"]
[Black "Afanasiev, Nikita"]
[Result "1/2-1/2"]
[BlackElo "2535"]
[WhiteElo "2471"]
[LiveChessVersion "1.4.8"]

1. Nf3 {[%clk 0:14:26]} Nf6 {[%clk 0:15:17]} 2. g3 {[%clk 0:14:34]} c5
{[%clk 0:15:15]} 3. Bg2 {[%clk 0:14:03]} g6 {[%clk 0:15:19]} 4. b3
{[%clk 0:13:38]} Bg7 {[%clk 0:15:18]} 5. Bb2 {[%clk 0:13:47]} O-O
{[%clk 0:15:25]} 6. O-O {[%clk 0:12:24]} b6 {[%clk 0:14:51]} 7. c4
{[%clk 0:10:24]} Bb7 {[%clk 0:15:00]} 8. Nc3 {[%clk 0:10:32]} d5 {[%clk 0:13:58]}
9. Nxd5 {[%clk 0:10:12]} Nxd5 {[%clk 0:14:06]} 10. Bxg7 {[%clk 0:10:20]} Kxg7
{[%clk 0:14:15]} 11. cxd5 {[%clk 0:10:28]} Qxd5 {[%clk 0:14:12]} 12. d4
{[%clk 0:10:06]} Na6 {[%clk 0:13:26]} 13. Nh4 {[%clk 0:07:40]} Qd7
{[%clk 0:13:34]} 14. dxc5 {[%clk 0:07:48]} Qxd1 {[%clk 0:13:42]} 15. Rfxd1
{[%clk 0:07:55]} Bxg2 {[%clk 0:13:47]} 16. Kxg2 {[%clk 0:07:40]} Nxc5
{[%clk 0:13:56]} 17. b4 {[%clk 0:07:45]} Ne4 {[%clk 0:13:55]} 18. Rd7
{[%clk 0:06:33]} Kf6 {[%clk 0:13:54]} 19. Rc1 {[%clk 0:03:31]} Rfd8
{[%clk 0:13:28]} 20. Rdc7 {[%clk 0:01:10]} g5 {[%clk 0:10:22]} 21. Nf3
{[%clk 0:00:52]} e6 {[%clk 0:09:15]} 22. R7c4 {[%clk 0:00:17]} Nd6
{[%clk 0:09:06]} 23. Rc6 {[%clk 0:00:17]} Ne4 {[%clk 0:04:20]} 24. R6c4
{[%clk 0:00:24]} Nd6 {[%clk 0:04:23]} 25. Rc6 {[%clk 0:00:32]} Ne4
{[%clk 0:03:37]} 1/2-1/2

[Event "Russian Rapid Team Championship (m)"]
[Site "Sochi"]
[Date "2022.10.19"]
[Round "9.14"]
[White "Tsydypov, Zhamsaran"]
[Black "Kryakvin, Dmitry"]
[Result "1-0"]
[BlackElo "2405"]
[WhiteElo "2554"]
[LiveChessVersion "1.4.8"]

1. e4 {[%clk 0:14:50]} e6 {[%clk 0:14:59]} 2. d4 {[%clk 0:14:49]} d5
{[%clk 0:15:08]} 3. e5 {[%clk 0:14:49]} c5 {[%clk 0:15:14]} 4. c3
{[%clk 0:14:57]} Qb6 {[%clk 0:15:21]} 5. Nf3 {[%clk 0:14:46]} Nc6
{[%clk 0:15:29]} 6. a3 {[%clk 0:14:39]} c4 {[%clk 0:15:37]} 7. Nbd2
{[%clk 0:14:43]} Na5 {[%clk 0:15:45]} 8. g3 {[%clk 0:14:26]} Bd7 {[%clk 0:15:52]}
9. h4 {[%clk 0:14:34]} O-O-O {[%clk 0:15:46]} 10. Ng5 {[%clk 0:14:11]} Nh6
{[%clk 0:15:39]} 11. Bg2 {[%clk 0:13:55]} f6 {[%clk 0:15:32]} 12. Ngf3
{[%clk 0:13:52]} f5 {[%clk 0:15:24]} 13. Nf1 {[%clk 0:12:18]} Nb3
{[%clk 0:15:04]} 14. Rb1 {[%clk 0:12:22]} Nf7 {[%clk 0:13:45]} 15. Bf4
{[%clk 0:11:59]} Be7 {[%clk 0:13:34]} 16. Ne3 {[%clk 0:12:05]} g6
{[%clk 0:13:27]} 17. g4 {[%clk 0:10:40]} h6 {[%clk 0:13:16]} 18. gxf5
{[%clk 0:10:37]} gxf5 {[%clk 0:13:18]} 19. Qe2 {[%clk 0:10:38]} Rdg8
{[%clk 0:13:13]} 20. Bh3 {[%clk 0:10:44]} Ng5 {[%clk 0:11:55]} 21. Bxf5
{[%clk 0:08:44]} Nxf3+ {[%clk 0:11:21]} 22. Qxf3 {[%clk 0:08:51]} exf5
{[%clk 0:11:29]} 23. Nxd5 {[%clk 0:08:24]} Qd8 {[%clk 0:11:11]} 24. Ne3
{[%clk 0:08:27]} Bb5 {[%clk 0:10:58]} 25. Rd1 {[%clk 0:07:10]} Kb8
{[%clk 0:08:23]} 26. Nxf5 {[%clk 0:06:53]} Ka8 {[%clk 0:08:01]} 27. Qe4
{[%clk 0:06:45]} Rf8 {[%clk 0:07:47]} 28. Nxe7 {[%clk 0:05:45]} Qxe7
{[%clk 0:07:48]} 29. Be3 {[%clk 0:05:54]} Bd7 {[%clk 0:05:13]} 30. d5
{[%clk 0:05:14]} Bf5 {[%clk 0:05:14]} 31. Qxc4 {[%clk 0:05:23]} Bc2
{[%clk 0:05:19]} 32. f4 {[%clk 0:05:23]} Qe8 {[%clk 0:04:57]} 33. Rh2
{[%clk 0:04:12]} Bxd1 {[%clk 0:04:51]} 34. Kxd1 {[%clk 0:04:19]} Qh5+
{[%clk 0:04:36]} 35. Re2 {[%clk 0:04:26]} Na5 {[%clk 0:04:21]} 36. Qa4
{[%clk 0:04:18]} b6 {[%clk 0:04:08]} 37. b4 {[%clk 0:04:26]} Qf3 {[%clk 0:03:57]}
38. bxa5 {[%clk 0:04:07]} Qxd5+ {[%clk 0:04:06]} 39. Kc1 {[%clk 0:04:05]} bxa5
{[%clk 0:02:42]} 40. Rd2 {[%clk 0:04:01]} Qh1+ {[%clk 0:02:46]} 41. Rd1
{[%clk 0:03:37]} Qf3 {[%clk 0:02:46]} 42. Qd4 {[%clk 0:03:24]} Qb7
{[%clk 0:02:19]} 43. Qd5 {[%clk 0:03:16]} Rc8 {[%clk 0:02:09]} 44. Kc2
{[%clk 0:03:03]} Rc6 {[%clk 0:02:11]} 45. Bd4 {[%clk 0:01:25]} Rb8
{[%clk 0:01:28]} 46. Kd2 {[%clk 0:01:34]} Qb2+ {[%clk 0:00:47]} 47. Ke3
{[%clk 0:01:41]} Rbc8 {[%clk 0:00:52]} 48. a4 {[%clk 0:01:11]} Qc2
{[%clk 0:00:45]} 49. Rd2 {[%clk 0:01:05]} Qc1 {[%clk 0:00:40]} 50. Qg2
{[%clk 0:00:35]} Kb8 {[%clk 0:00:39]} 51. Ke2 {[%clk 0:00:32]} Qb1
{[%clk 0:00:17]} 52. Qd5 {[%clk 0:00:37]} Qa1 {[%clk 0:00:13]} 53. Qb5+
{[%clk 0:00:32]} Ka8 {[%clk 0:00:22]} 54. Qxa5 {[%clk 0:00:36]} a6
{[%clk 0:00:22]} 55. Qd5 {[%clk 0:00:44]} Qxa4 {[%clk 0:00:27]} 56. Ra2
{[%clk 0:00:50]} 1-0

[Event "Russian Rapid Team Championship (m)"]
[Site "Sochi"]
[Date "2022.10.19"]
[Round "9.15"]
[White "Truskavetsky, Alexandr"]
[Black "Rozum, Ivan"]
[Result "0-1"]
[BlackElo "2540"]
[WhiteElo "2270"]
[LiveChessVersion "1.4.8"]

1. d4 {[%clk 0:14:31]} Nf6 {[%clk 0:15:17]} 2. c4 {[%clk 0:14:33]} d6
{[%clk 0:15:25]} 3. Nf3 {[%clk 0:14:35]} g6 {[%clk 0:15:34]} 4. Nc3
{[%clk 0:14:29]} Bf5 {[%clk 0:15:42]} 5. d5 {[%clk 0:14:19]} Bg7 {[%clk 0:15:41]}
6. Nd4 {[%clk 0:14:23]} Bd7 {[%clk 0:15:40]} 7. e4 {[%clk 0:14:29]} O-O
{[%clk 0:15:43]} 8. Be2 {[%clk 0:14:23]} a5 {[%clk 0:15:50]} 9. O-O
{[%clk 0:14:09]} Na6 {[%clk 0:15:58]} 10. f4 {[%clk 0:13:41]} e5 {[%clk 0:15:41]}
11. dxe6 {[%clk 0:12:46]} fxe6 {[%clk 0:15:47]} 12. Bf3 {[%clk 0:09:20]} e5
{[%clk 0:15:39]} 13. Nde2 {[%clk 0:08:12]} Nc5 {[%clk 0:14:20]} 14. Be3
{[%clk 0:08:04]} b6 {[%clk 0:13:26]} 15. fxe5 {[%clk 0:07:35]} dxe5
{[%clk 0:13:26]} 16. Qc2 {[%clk 0:07:06]} Ne6 {[%clk 0:12:58]} 17. Rad1
{[%clk 0:07:07]} c5 {[%clk 0:12:36]} 18. Nd5 {[%clk 0:06:58]} Nxd5
{[%clk 0:12:15]} 19. exd5 {[%clk 0:05:57]} Nd4 {[%clk 0:12:18]} 20. Nxd4
{[%clk 0:05:43]} exd4 {[%clk 0:12:11]} 21. Bc1 {[%clk 0:05:46]} Be5
{[%clk 0:11:29]} 22. Be4 {[%clk 0:05:25]} Bg4 {[%clk 0:10:19]} 23. Rxf8+
{[%clk 0:03:58]} Qxf8 {[%clk 0:10:28]} 24. Rf1 {[%clk 0:04:05]} Bxh2+
{[%clk 0:09:51]} 25. Kxh2 {[%clk 0:04:05]} Qxf1 {[%clk 0:10:00]} 26. Bxg6
{[%clk 0:02:36]} Ra7 {[%clk 0:08:21]} 27. Bg5 {[%clk 0:02:06]} hxg6
{[%clk 0:07:50]} 0-1

[Event "Russian Rapid Team Championship (m)"]
[Site "Sochi"]
[Date "2022.10.19"]
[Round "9.16"]
[White "Moiseenko, Vadim"]
[Black "Kobylkin, Evgeni"]
[Result "1/2-1/2"]
[BlackElo "2461"]
[WhiteElo "2429"]
[LiveChessVersion "1.4.8"]

1. d4 {[%clk 0:14:58]} Nf6 {[%clk 0:15:19]} 2. Bf4 {[%clk 0:15:07]} d5
{[%clk 0:15:04]} 3. e3 {[%clk 0:15:15]} e6 {[%clk 0:14:40]} 4. Nd2
{[%clk 0:15:19]} c5 {[%clk 0:14:15]} 5. Ngf3 {[%clk 0:15:18]} Nc6
{[%clk 0:14:20]} 6. c3 {[%clk 0:15:25]} Bd6 {[%clk 0:14:13]} 7. Bg3
{[%clk 0:15:33]} O-O {[%clk 0:14:16]} 8. Bb5 {[%clk 0:15:41]} Qe7
{[%clk 0:12:24]} 9. O-O {[%clk 0:14:26]} Bxg3 {[%clk 0:12:10]} 10. hxg3
{[%clk 0:14:29]} Bd7 {[%clk 0:12:07]} 11. Bxc6 {[%clk 0:14:12]} Bxc6
{[%clk 0:12:00]} 12. Ne5 {[%clk 0:14:21]} Nd7 {[%clk 0:11:58]} 13. f4
{[%clk 0:14:00]} f6 {[%clk 0:11:17]} 14. Nxc6 {[%clk 0:13:49]} bxc6
{[%clk 0:11:25]} 15. Qa4 {[%clk 0:13:52]} Rfc8 {[%clk 0:10:40]} 16. Qa3
{[%clk 0:13:55]} Qf8 {[%clk 0:10:32]} 17. Nb3 {[%clk 0:11:48]} cxd4
{[%clk 0:09:56]} 18. Qxf8+ {[%clk 0:11:55]} Kxf8 {[%clk 0:10:03]} 19. exd4
{[%clk 0:10:28]} c5 {[%clk 0:09:39]} 20. dxc5 {[%clk 0:10:22]} Nxc5
{[%clk 0:09:47]} 21. Nxc5 {[%clk 0:10:29]} Rxc5 {[%clk 0:09:55]} 22. Rae1
{[%clk 0:10:18]} Kf7 {[%clk 0:10:02]} 23. Re2 {[%clk 0:10:15]} Rb8
{[%clk 0:10:06]} 24. g4 {[%clk 0:10:20]} Rb6 {[%clk 0:08:40]} 25. Kh2
{[%clk 0:07:34]} a5 26. Kg3 {[%clk 0:07:32]} a4 {[%clk 0:08:20]} 27. a3
{[%clk 0:07:40]} Rc4 {[%clk 0:08:06]} 28. Rd1 {[%clk 0:07:10]} Rb3
{[%clk 0:07:55]} 29. f5 {[%clk 0:06:54]} exf5 {[%clk 0:06:30]} 30. gxf5
{[%clk 0:07:02]} d4 {[%clk 0:06:09]} 31. Kf2 {[%clk 0:06:21]} dxc3
{[%clk 0:05:32]} 32. Rd7+ {[%clk 0:06:26]} Kf8 {[%clk 0:05:39]} 33. Rd8+
{[%clk 0:04:39]} Kf7 {[%clk 0:05:47]} 34. Rd7+ {[%clk 0:04:44]} Kf8
{[%clk 0:05:56]} 35. Rd4 1/2-1/2